US States with the Most Cases of Hantavirus - Statistics

General Stats
  • This quiz has been taken 131 times
    32 since last reset
  • The average score is 11 of 15
Answer Stats
Cases State % Correct
78 California
96%
49 Texas
96%
86 Arizona
88%
59 Washington
88%
36 Nevada
81%
119 Colorado
77%
122 New Mexico
77%
26 Oregon
77%
24 Idaho
69%
46 Utah
69%
46 Montana
65%
20 North Dakota
62%
21 South Dakota
62%
19 Wyoming
62%
20 Kansas
58%
No matching quizzes found
Score Distribution
Percent of People with Each Score
Percentile by Number Answered
Your Score History
You have not taken this quiz since the last reset